Name the characters from Pirates Of The Caribbean - Statistics

General Stats
  • This quiz has been taken 383 times
  • The average score is 10 of 15
Answer Stats
Hint Answer % Correct
Johnny Depp Captain Jack Sparrow
100%
Orlando Bloom Will Turner
95%
Geoffrey Rush Hector Barbossa
89%
Keira Knightley Elizabeth Swann
82%
Bill Nighy Davy Jones
79%
Ian McShane Blackbeard
69%
Kevin McNally Mr Gibbs
68%
Jack Davenport Norrington
66%
Mackenzie Crook Ragetti
62%
Penolope Cruz Angelica
61%
Stellan Skarsgard Bootstrap Bill
58%
Lee Arenberg Pintel
58%
Naomie Harris Tia Dalma
46%
Tom Hollander Lord Cutler Beckett
42%
Tara/Levi/BooBoo/Mercedes Jack the monkey
18%
No matching quizzes found
Score Distribution
Percent of People with Each Score
Percentile by Number Answered
Your Score History
You have not taken this quiz